000 00699nam a22001817i 4500
999 _c23201
_d23201
003 AR-CdUCM
008 250127b20212021 pe||||| |||| 00| 0 spa d
040 _aMUNICIPALIDAD PROVINCIAL DEL CUSCO
_cBIBLIOTECA MUNICIPAL DEL CUSCO
041 _hspa
082 _a869.56 / R63M
_bR63M
100 _aRíos Zamalloa, Jorge
_92949
245 _aLa Mascarada /
260 _aCusco :
_bEditorial Wamanpuma
_c2021
300 _a64 páginas. :
_c20x14 cm.
505 _aEl amor por la sobrevivencia -- La mascarada -- En el mismo barco -- Camino con una fantoche -- Los ojos de la muerte -- La belleza es energía -- El hombre es un niño en su existencia
942 _2ddc
_cLIBROS
945 _apbjr
_d27-01 2025